000 00302nam a22001337a 4500
008 170614b xxu||||| |||| 00| 0 eng d
020 _a9781580630849
041 _aeng
080 _a32
100 _a19
101 _aSHP
245 _aTHE BEST GUIDE TO AMERICAN POLITCS
_cWALDMAN,T
942 _2udc
_cBK
999 _c17285
_d17285